000 00482nam a2200145Ia 4500
008 100122s9999 xx 000 0 und d
082 _b51254
_a823
100 _aपोरे सुरेश
245 _aउन्हातले चांदणे
260 _bमेहता पब्लिकेशन हाऊस
_c1995
300 _a176
630 _aउन्हातले चांदणे
730 _aउन्हातले चांदणे
942 _cBOOK
999 _c428716
_d428713